Barokk est a dómban
Elmentve itt :
| Szerző: | |
|---|---|
| Dokumentumtípus: | Cikk |
| Megjelent: |
1972-08-16
|
| Sorozat: | Délmagyarország
62 No. 192 |
| Kulcsszavak: | Román Zoltán, Berdál Valéria, Kovács Kálmán, Csala Benedek, Lehotka Gábor, Szalatsy István, Zenei élet hangverseny Szeged 1972, zeneélet 1962-1979 |
| Online Access: | http://dmarchiv.bibl.u-szeged.hu/76945 |
| LEADER | 00591nab a2200157 i 4500 | ||
|---|---|---|---|
| 001 | delm76945 | ||
| 005 | 20180928084250.0 | ||
| 008 | 180928s1972 hu o 0|| hun d | ||
| 040 | |a SZTE Délmagyarország Archívum |b hun | ||
| 041 | |a hun | ||
| 100 | 1 | |a Nikolényi István | |
| 245 | 1 | 0 | |a Barokk est a dómban |h [elektronikus dokumentum] / |c Nikolényi István |
| 260 | |c 1972-08-16 | ||
| 300 | |a 5 | ||
| 490 | 0 | |a Délmagyarország |v 62 No. 192 | |
| 695 | |a Román Zoltán, Berdál Valéria, Kovács Kálmán, Csala Benedek, Lehotka Gábor, Szalatsy István, Zenei élet hangverseny Szeged 1972, zeneélet 1962-1979 | ||